| 000 | 00448nam a22001697a 4500 | ||
|---|---|---|---|
| 003 | CEME | ||
| 005 | 20210628210642.0 | ||
| 008 | 210211b xxu||||| |||| 00| 0 eng d | ||
| 020 | _a0-07-031118-8 | ||
| 040 | _c. | ||
| 082 | _a532.05 HUG | ||
| 100 |
_aBrighton, John.A Hughes, William.F _980347 |
||
| 245 | _aTheory and problems of fluid dynamics | ||
| 260 |
_aNEW YORK _bMCGRAW HILL _c1999 |
||
| 650 |
_aFLUID DYNAMICS _91384 |
||
| 942 |
_cBK _2ddc |
||
| 999 |
_c585299 _d585299 |
||